| 000 | 00507nam a22001697a 4500 | ||
|---|---|---|---|
| 003 | OSt | ||
| 005 | 20130523181121.0 | ||
| 008 | 130523s1979 sp ||||| |||| 00| 0 cat d | ||
| 040 | _cCDMR | ||
| 100 | 1 |
_91808 _aMundet Gifre, José María |
|
| 245 | 1 | 4 |
_a"El Restaurador Catalán" i la 1ª guerra carlina _cJosep Mª Mundet Guifre |
| 260 |
_aBarcelona _bRafael Dalmau _c1979 |
||
| 300 | _a64 p. | ||
| 490 | 0 |
_aEpisodis de la Història _v242 |
|
| 650 | 0 | 4 |
_93172 _aPeriodisme _zCatalunya _y1837-1840 |
| 942 |
_2udc _cMON |
||
| 999 |
_c6301 _d6301 |
||